Гигиенические требования к организации производства и оборота биологически активных добавок к пище (БАД): санитарно-эпидемиологические правила и нормативы СанПиН 2.3.2.1290-03

Manylion Llyfryddiaeth
Awdur Corfforaethol: Российская Федерация Министерство здравоохранения и социального развития (Минздравсоцразвития России)
Iaith:Rwseg
Cyhoeddwyd: Москва, Минздрав России, 2003
Rhifyn:официальное изд.
Cyfres:2.3.2. Продовольственное сырье и пищевые продукты
Pynciau:
Fformat: Llyfr
KOHA link:https://koha.lib.tpu.ru/cgi-bin/koha/opac-detail.pl?biblionumber=124390

MARC

LEADER 00000nam0a2200000 4500
001 124390
005 20231031130916.0
010 |a 5899950099 
029 0 0 |a RU  |b 2.3.2.1290-03  |c СанПиН 
035 |a (RuTPU)RU\TPU\book\134622 
090 |a 124390 
100 |a 20071031d2003 k y0rusy50 ca 
101 0 |a rus 
102 |a RU 
105 |a y l 001zy 
200 1 |a Гигиенические требования к организации производства и оборота биологически активных добавок к пище (БАД)  |e санитарно-эпидемиологические правила и нормативы СанПиН 2.3.2.1290-03  |f Министерство здравоохранения Российской Федерации 
205 |a официальное изд. 
210 |a Москва  |c Минздрав России  |d 2003 
215 |a 36 с. 
225 1 |a 2.3.2. Продовольственное сырье и пищевые продукты 
229 |a Утв. Гл. гос. санитар. врачом РФ 17.04.03  |a Введ. в действие 20.06.03 постановлением Гл. гос. санитар.врача РФ № 50 от 17.04.03 
320 |a Библиогр.: с. 34-35. 
610 1 |a пищевые добавки 
610 1 |a биологически активные добавки 
610 1 |a производство 
610 1 |a оборот 
610 1 |a санитарно-эпидемиологические правила 
610 1 |a СанПиН 2.3.1290-03 
675 |a 614.3  |v 3 
712 0 1 |a Российская Федерация  |b Министерство здравоохранения и социального развития (Минздравсоцразвития России)  |2 stltpush  |3 (RuTPU)RU\TPU\col\9944 
801 1 |a RU  |b 63413507  |c 20071031  |g PSBO 
801 2 |a RU  |b 63413507  |c 20221207  |g PSBO 
942 |c BK